Church And The Kingdom of God: Towards a Contextual Ecclesiology for India (Record no. 149288)
[ view plain ]
| 000 -LEADER | |
|---|---|
| fixed length control field | 00825nam a2200289Ia 4500 |
| 003 - CONTROL NUMBER IDENTIFIER | |
| control field | OSt |
| 005 - DATE AND TIME OF LATEST TRANSACTION | |
| control field | 20230303142603.0 |
| 008 - FIXED-LENGTH DATA ELEMENTS--GENERAL INFORMATION | |
| fixed length control field | 210210b2012 xxu||||| |||| 00| 0 eng d |
| 020 ## - INTERNATIONAL STANDARD BOOK NUMBER | |
| International Standard Book Number | 9788183875301 |
| 040 ## - CATALOGING SOURCE | |
| Transcribing agency | AL |
| 041 ## - LANGUAGE CODE | |
| Language code of text/sound track or separate title | eng |
| 082 ## - DEWEY DECIMAL CLASSIFICATION NUMBER | |
| Classification number | 250 DCRC |
| 100 ## - MAIN ENTRY--PERSONAL NAME | |
| Personal name | Antony J DCruz and others |
| 9 (RLIN) | 74004 |
| 245 ## - TITLE STATEMENT | |
| Title | Church And The Kingdom of God: Towards a Contextual Ecclesiology for India |
| 260 ## - PUBLICATION, DISTRIBUTION, ETC. | |
| Place of publication, distribution, etc. | New Delhi |
| Name of publisher, distributor, etc. | Serials Publications |
| Date of publication, distribution, etc. | 2012 |
| 300 ## - PHYSICAL DESCRIPTION | |
| Extent | xxiv,403 |
| 650 ## - SUBJECT ADDED ENTRY--TOPICAL TERM | |
| Topical term or geographic name entry element | Mission of the church |
| 9 (RLIN) | 74005 |
| 650 ## - SUBJECT ADDED ENTRY--TOPICAL TERM | |
| Topical term or geographic name entry element | Church work |
| 9 (RLIN) | 74006 |
| 650 ## - SUBJECT ADDED ENTRY--TOPICAL TERM | |
| Source of heading or term | Kingdom of God |
| 650 ## - SUBJECT ADDED ENTRY--TOPICAL TERM | |
| Topical term or geographic name entry element | Witness bearing |
| 9 (RLIN) | 74007 |
| 650 ## - SUBJECT ADDED ENTRY--TOPICAL TERM | |
| Topical term or geographic name entry element | Kingdom of God--Biblical teaching |
| 9 (RLIN) | 74008 |
| 650 ## - SUBJECT ADDED ENTRY--TOPICAL TERM | |
| Topical term or geographic name entry element | India |
| 9 (RLIN) | 74009 |
| 700 ## - ADDED ENTRY--PERSONAL NAME | |
| Personal name | DCRUZ (Antony J ) |
| 9 (RLIN) | 74011 |
| 700 ## - ADDED ENTRY--PERSONAL NAME | |
| Personal name | PRAEM (O) |
| 9 (RLIN) | 74012 |
| 906 ## - LOCAL DATA ELEMENT F, LDF (RLIN) | |
| a | 066841 |
| 942 ## - ADDED ENTRY ELEMENTS (KOHA) | |
| Source of classification or shelving scheme | Dewey Decimal Classification |
| Koha item type | Book |
| Withdrawn status | Lost status | Source of classification or shelving scheme | Damaged status | Not for loan | Collection code | Home library | Current library | Date acquired | Source of acquisition | Cost, normal purchase price | Total Checkouts | Full call number | Barcode | Date last seen | Price effective from | Koha item type | Cost, replacement price |
|---|---|---|---|---|---|---|---|---|---|---|---|---|---|---|---|---|---|
| Dewey Decimal Classification | History | St Aloysius Library | St Aloysius Library | 02/17/2021 | Prajwal Book Distributors, Bangalore-560061 | 895.00 | 250 DCRC | 066841 | 02/17/2021 | 02/17/2021 | Book | ||||||
| Dewey Decimal Classification | History | St Aloysius Library | St Aloysius Library | 03/02/2023 | Papal Seminary Pune Maharashtra 411014 | 895.00 | 250 DCRC | 076441 | 03/03/2023 | 03/03/2023 | Book | 895.00 |